Agrometeorología
שמור ב:
| Main Authors: | , |
|---|---|
| פורמט: | ספר |
| שפה: | ספרדית |
| יצא לאור: |
Madrid
Mundi-Prensa
2001
|
| מהדורה: | 2a. ed |
| נושאים: | |
| תגים: |
הוספת תג
אין תגיות, היה/י הראשונ/ה לתייג את הרשומה!
|
MARC
| LEADER | 00000nam a2200000 a 4500 | ||
|---|---|---|---|
| 001 | UCI0004 | ||
| 003 | CL-VaPUC | ||
| 008 | 070420e20010000SP |||||||||||||||||spa|d | ||
| 020 | |a 8471149737 | ||
| 082 | 0 | 4 | |a 630.2515 |b ELI |2 21 |
| 100 | 0 | |a Elías Castillo, Francisco |e author |9 520052 | |
| 700 | 0 | |a Castellvi Sentis, Francesc |e author |9 520053 | |
| 245 | 1 | 0 | |a Agrometeorología |
| 250 | |a 2a. ed | ||
| 300 | |a 517 p | ||
| 942 | |c BK | ||
| 945 | |d 20070420 00:00:00 |a cmena | ||
| 260 | |a Madrid |b Mundi-Prensa |c 2001 | ||
| 650 | 0 | |a Agrometeorología |9 333565 | |
| 650 | 0 | |a Atmósfera |9 261875 | |
| 650 | 7 | |a RADIACION SOLAR |2 CL-VaPUC |9 350685 | |
| 650 | 7 | |a TEMPERATURA |2 CL-VaPUC |9 520054 | |
| 650 | 0 | |a Climatología |9 262302 | |
| 650 | 0 | |a Agricultura |9 255598 | |
| 583 | |a last modification |c 20130304 08:52:08 |k Rodrigo Vera | ||
| 999 | |c 325301 |d 325299 | ||
| 952 | |0 0 |1 0 |4 0 |6 630_251500000000000_ELI_2001 |7 0 |8 A |9 405990 |a BIBAGR |b BIBAGR |d 2019-11-22 |i 4332075 |o 630.2515 ELI 2001 |p 4332075 |r 2025-01-20 |w 2019-11-22 |y BK |k AGR | ||
| 952 | |0 0 |1 0 |4 0 |6 630_251500000000000_ELI_2001 |7 0 |8 A |9 405991 |a BIBAGR |b BIBAGR |d 2019-11-22 |i 4332083 |o 630.2515 ELI 2001 |p 4332083 |r 2025-01-20 |w 2019-11-22 |y BK |k AGR | ||
| 952 | |0 0 |1 0 |4 0 |6 630_251500000000000_ELI_2001 |7 0 |8 A |9 405992 |a BIBAGR |b BIBAGR |d 2019-11-22 |i 4332091 |o 630.2515 ELI 2001 |p 4332091 |r 2025-01-20 |w 2019-11-22 |y BK |k AGR | ||
| 952 | |0 0 |1 0 |4 0 |6 630_251500000000000_ELI_2001 |7 0 |8 A |9 405993 |a BIBAGR |b BIBAGR |d 2019-11-22 |i 4332105 |o 630.2515 ELI 2001 |p 4332105 |r 2025-01-20 |w 2019-11-22 |y BK |k AGR | ||
| 952 | |0 0 |1 0 |4 0 |6 630_251500000000000_ELI_2001 |7 0 |8 A |9 405994 |a BIBAGR |b BIBAGR |d 2019-11-22 |i 4334183 |o 630.2515 ELI 2001 |p 4334183 |r 2025-01-20 |w 2019-11-22 |y BK |k AGR | ||
| 952 | |0 0 |1 0 |4 0 |6 630_251500000000000_ELI_2001 |7 0 |8 A |9 405995 |a BIBAGR |b BIBAGR |d 2019-11-22 |i 4334191 |o 630.2515 ELI 2001 |p 4334191 |r 2025-01-20 |w 2019-11-22 |y BK |k AGR | ||
| 952 | |0 0 |1 0 |4 0 |6 630_251500000000000_ELI_2001 |7 0 |8 A |9 405996 |a BIBAGR |b BIBAGR |d 2019-11-22 |i 4334205 |o 630.2515 ELI 2001 |p 4334205 |r 2025-01-20 |w 2019-11-22 |y BK |k AGR | ||
| 952 | |0 0 |1 0 |4 0 |6 630_251500000000000_ELI_2001 |7 0 |8 A |9 405997 |a BIBAGR |b BIBAGR |d 2019-11-22 |i 4334213 |o 630.2515 ELI 2001 |p 4334213 |r 2025-01-20 |w 2019-11-22 |y BK |k AGR | ||
| 952 | |0 0 |1 0 |4 0 |6 630_251500000000000_ELI_2001 |7 0 |8 A |9 405998 |a BIBAGR |b BIBAGR |d 2019-11-22 |i 4334221 |o 630.2515 ELI 2001 |p 4334221 |r 2025-01-20 |w 2019-11-22 |y BK |k AGR | ||
| 952 | |0 0 |1 0 |4 0 |6 630_251500000000000_ELI_2001 |7 0 |8 A |9 405999 |a BIBAGR |b BIBAGR |d 2019-11-22 |i 433423K |o 630.2515 ELI 2001 |p 433423K |r 2025-01-20 |w 2019-11-22 |y BK |k AGR | ||
| 952 | |0 0 |1 0 |4 0 |6 630_251500000000000_ELI_2001 |7 0 |8 A |9 406000 |a BIBAGR |b BIBAGR |d 2019-11-22 |i 4334248 |o 630.2515 ELI 2001 |p 4334248 |r 2025-01-20 |w 2019-11-22 |y BK |k AGR | ||
| 952 | |0 0 |1 0 |4 0 |6 630_251500000000000_ELI_2001 |7 0 |8 A |9 406001 |a BIBAGR |b BIBAGR |d 2019-11-22 |i 4334256 |o 630.2515 ELI 2001 |p 4334256 |r 2025-01-20 |w 2019-11-22 |y BK |k AGR | ||
| 952 | |0 0 |1 0 |4 0 |6 630_251500000000000_ELI_2001 |7 0 |8 A |9 406002 |a BIBAGR |b BIBAGR |d 2019-11-22 |i 4334264 |o 630.2515 ELI 2001 |p 4334264 |r 2025-01-20 |w 2019-11-22 |y BK |k AGR | ||
| 952 | |0 0 |1 0 |4 0 |6 630_251500000000000_ELI_2001 |7 0 |8 A |9 406003 |a BIBAGR |b BIBAGR |d 2019-11-22 |i 4334272 |o 630.2515 ELI 2001 |p 4334272 |r 2025-01-20 |w 2019-11-22 |y BK |k AGR | ||